书目信息 |
| 题名: |
旅游美学
|
|
| 作者: | 乔修业 主编 | |
| 分册: | ||
| 出版信息: | 天津 南开大学出版社 2000 |
|
| 页数: | 355页 | |
| 开本: | 20cm | |
| 丛书名: | ||
| 单 册: | ||
| 中图分类: | P901 , F590 | |
| 科图分类: | ||
| 主题词: | 旅游--美学--高等学校--教材 , 景观美学--高等学校--教材 | |
| 电子资源: | ||
| ISBN: | 7-310-00836-7 | |
| 000 | 00809nam0 2200265 450 | |
| 001 | 07079000440 | |
| 005 | 20070721163711.95 | |
| 010 | @a7-310-00836-7@dCNY20.00 | |
| 100 | @a20020321e20062000em y0chiy0110 ea | |
| 101 | 0 | @achi |
| 102 | @aCN@b120000 | |
| 105 | @ay z 000yy | |
| 200 | 1 | @a旅游美学@Alu^ you mei xue@f乔修业主编 |
| 205 | @a@b修订版 | |
| 210 | @a天津@c南开大学出版社@d2000@h2006 | |
| 215 | @a355页@d20cm | |
| 300 | @a高等院校旅游专业系列教材 | |
| 330 | @a本书内容包括:旅游美学的概念、研究对象和范围、旅游与美、旅游者与旅游工作者的审美关系、旅游者与旅游饭店。 | |
| 606 | 0 | @a旅游@x美学@x高等学校@j教材 |
| 606 | 0 | @a景观美学@x高等学校@j教材 |
| 690 | @aP901@v4 | |
| 690 | @aF590@v4 | |
| 701 | 0 | @a乔修业@Aqiao xiu ye@4主编 |
| 801 | 0 | @aCN@bNLC@c20070721 |
| 905 | @a10447@dF590@e159 | |
| 旅游美学/乔修业主编.-修订版.-天津:南开大学出版社,2000(2006) |
| 355页;20cm |
| 高等院校旅游专业系列教材 |
| ISBN 7-310-00836-7:CNY20.00 |
| 本书内容包括:旅游美学的概念、研究对象和范围、旅游与美、旅游者与旅游工作者的审美关系、旅游者与旅游饭店。 |
| ● |
| 相关链接 |
|
|
|
|
正题名:旅游美学
索取号:F590/159
 
预约/预借
| 序号 | 登录号 | 条形码 | 馆藏地/架位号 | 状态 | 备注 |
| 1 | 0822747 | 208227471 | 第一样本阅览室/ [索取号:F590/159] | 在馆 | |
| 2 | 0822748 | 208227480 | 第一借阅区/ [索取号:F590/159] | 在馆 | |
| 3 | 0822749 | 208227499 | 第一借阅区/ [索取号:F590/159] | 在馆 | |
| 4 | 0822750 | 208227505 | 第一借阅区/ [索取号:F590/159] | 在馆 | |
| 5 | 0822751 | 208227514 | 第一借阅区/ [索取号:F590/159] | 在馆 |